Top 5 Largest Cities in Canada - Statistics

General Stats
  • This quiz has been taken 343 times
  • The average score is 4 of 5
Answer Stats
Population City % Correct
2,615,060 Toronto
98%
1,649,519 Montreal
91%
883,391 Ottawa
84%
1,096,833 Calgary
79%
812,201 Edmonton
77%
No matching quizzes found
Score Distribution
Percent of People with Each Score
Percentile by Number Answered
Your Score History
You have not taken this quiz